000 00894nam a2200265 i 4500
001 15358
003 ES-MaACL
005 20251122063105.0
007 t|
008 000216s1999 sp ||||0| spa j
020 _a84-8109-247-9
040 _aM-BN
_bspa
_cM-BN
080 _a929 Borges, Jorge Luis
100 1 _aBorges, Jorge Luis,
_d1899-1986
_9242526
245 1 3 _aUn ensayo autobiográfico
_b: ilustrado con imágenes de su vida /
_cprólogo y traducción de Aníbal González ; epílogo de María Kodama.
260 _aBarcelona :
_bGalaxia Gutenberg,
_c[1999]
300 _a155 p. :
_bil. ;
_c26 cm.
500 _aTraducido del inglés.
600 1 4 _aBorges, Jorge Luis,
_d1899-1986
_9242526
700 1 _aGonzález, Aníbal.
_958286
700 1 _aKodama, María.
_968423
852 _aES-MaACL
_jL-22568
_bR.128127
999 _c15358
_d15358